Súkromné Kiskove lety špeciálom sú pre Slovensko luxus

Bibliographic Details
Other Authors: Pilc, Ľuboš (Photographer)
Format: Article
Language:Slovak
PhysicalDescription:Fotogr.
ISSN:1335-4050
Subjects:

MARC

LEADER 00000nab a2200000 ar4500
001 vtls010688777
003 SK-MaSNL
005 20260303231133.0
008 171109c2015 xo dr|p|||||||000 b|slo
038 |a PPPK 
040 |a PPPKCL  |b slo  |c PPPKCL  |e AACR2 
041 0 |a slo 
044 |a xo  |c SK 
080 |a 32-051  |x (437.6)  |2 2001 
080 |a 656.7  |2 2001 
245 0 0 |a Súkromné Kiskove lety špeciálom sú pre Slovensko luxus  |c [text a foto] sn ; Foto: Ľuboš Pilc 
300 |b Fotogr. 
600 1 7 |a Kiska, Andrej,  |d 1963-  |2 pppkcl  |9 116882 
610 1 7 |a Slovensko.  |b Prezident (2014-2019 : Kiska)  |2 pppkcl  |9 56156 
650 0 7 |a letecká doprava  |2 pppkcl  |9 50044 
650 0 7 |a rodáci  |2 snkbucl  |9 30842 
651 7 |a Poprad (Slovensko)  |2 pppkcl  |9 20155 
700 1 |a Pilc, Ľuboš  |4 pht  |9 438177 
773 0 |t Pravda  |g Roč. 25, č. 75 (2015), s. 2-3  |x 1335-4050 
852 |a PPPK  |b KIS3GCP 
999 |c 2265413  |d 2267343